| 000 | 00482cam a2200193ua 4500 | ||
|---|---|---|---|
| 001 | 10805 | ||
| 005 | 20260515114649.0 | ||
| 008 | 190405n ii |||gr||||Z||||||eng | ||
| 020 | _a9788131102251 | ||
| 040 | _cMAIN | ||
| 082 | _a327.54 | ||
| 100 |
_aP B Rathod, _eAuthor. |
||
| 245 |
_aForeign policy of india _cBy P B Rathod |
||
| 250 | _a1st ed. | ||
| 260 |
_aNew Delhi: _bCommonwealth publishers, _c2017. |
||
| 300 | _a208p. | ||
| 653 | _aInternational relations | ||
| 942 | _cBK | ||
| 999 |
_c9755 _d9755 |
||